Nationality question in Assam. : (Record no. 859)

MARC details
000 -LEADER
fixed length control field 00533cam a2200181ua 4500
008 - FIXED-LENGTH DATA ELEMENTS--GENERAL INFORMATION
fixed length control field 110423n ii |||gr||||Z||||||eng
020 ## - INTERNATIONAL STANDARD BOOK NUMBER
International Standard Book Number 81-8370-038-1
040 ## - CATALOGING SOURCE
Transcribing agency MAIN
082 ## - DEWEY DECIMAL CLASSIFICATION NUMBER
Classification number 323.630954162
245 1# - TITLE STATEMENT
Title Nationality question in Assam. :
Remainder of title The EPW 1980-81 debate. /
250 ## - EDITION STATEMENT
Edition statement 1st. /
Remainder of edition statement Edited by Abu Naser Saied Ahmed.
260 ## - PUBLICATION, DISTRIBUTION, ETC.
Place of publication, distribution, etc. New Delhi.:
Name of publisher, distributor, etc. Akansha publishing house.,
Date of publication, distribution, etc. 2006.
300 ## - PHYSICAL DESCRIPTION
Extent x, 227.:
Dimensions 21 cm.
942 ## - ADDED ENTRY ELEMENTS (KOHA)
Koha item type Books
653 ## - INDEX TERM--UNCONTROLLED
Uncontrolled term Political science.
653 ## - INDEX TERM--UNCONTROLLED
Uncontrolled term Nationality question in Assam.
Holdings
Withdrawn status Lost status Damaged status Not for loan Home library Current library Shelving location Date acquired Total Checkouts Full call number Barcode Date last seen Copy number Price effective from Koha item type
        Central Library, Naharkatiya College Central Library, Naharkatiya College General Stacks 19/09/2020   323.630954162 | NAT 16463 19/09/2020 1 19/09/2020 Books

Naharkatiya College © 2020. All rights reserved.

Powered By